000 01814nam1a2200361 i 4500
001 RU\NLR\bibl\1183290
005 20260408201419.0
035 _a(NLR Aleph) 001169880
090 _a1590591
_c1590591
100 _a20080204g20079999k y0rusy50 ca
101 0 _arus
_abak
102 _aRU
105 _a||||z |||||
200 1 _aБашкортостан в XX столетиии
_eисторические портреты
_e[сборник статей]
_fРос. акад. наук, Уф. науч. центр, Ин-т истории, языка и лит., Акад. наук Респ. Башкортостан, Отд-ние социал. и гуманит. наук
_g[отв. ред. к.ист.н. Р.Н. Сулейманова]
210 _aУфа
_cГилем
_d2007
215 _d20
300 _aПарал. загл. на башк. яз.
300 _aНа авантит.: 450-летию вхождения Башкортостана в состав Рус. государства посвящается
300 _aЧасть текста на башк. яз.
309 _a1-й вып. вышел ненумер.
463 0 _10011152243
463 0 _10011845126
607 _aБашкортостан, Республика
_xДеятели
_jСборники
_3RU\NLR\auth\661467923
_92471651
686 _aТ3(2Р-6Б)я43
702 1 _4340
_aСулейманова
_bР. Н.
_cд-р ист. наук
_f1960-
_gРима Нугамановна
_9136123
_3RU\NLR\AUTH\770136158
712 0 2 _4570
_aИнститут истории, языка и литературы
_cУфа
_3RU\NLR\AUTH\889928888
_9353334
801 0 _aRU
_bNLR
_c20080204
_gRCR
801 1 _aRU
_bNLR
_c20080204
830 _aред. по кн.
852 _aNLR
_j2007-3/2664
942 _cBOOK